|
|
|
|
| LEADER |
00000nam0a2200000 4500 |
| 001 |
301560 |
| 005 |
20231101004800.0 |
| 010 |
|
|
|a 9785160040561
|
| 035 |
|
|
|a (RuTPU)RU\TPU\book\326736
|
| 090 |
|
|
|a 301560
|
| 100 |
|
|
|a 20150810d2015 m y0rusy50 ca
|
| 101 |
0 |
|
|a rus
|
| 102 |
|
|
|a RU
|
| 105 |
|
|
|a a j 000zy
|
| 200 |
1 |
|
|a Экономическая теория
|e учебник для вузов
|f под ред. А. И. Добрынина, Г. П. Журавлевой
|
| 205 |
|
|
|a 2-е изд.
|
| 210 |
|
|
|a Москва
|c Инфра-М
|d 2015
|
| 215 |
|
|
|a 747 с.
|c ил.
|
| 225 |
1 |
|
|a Высшее образование. Бакалавриат
|
| 330 |
|
|
|a Дано последовательное и логически стройное изложение курса экономической теории, учитывающее особенности сложного и противоречивого процесса формирования рыночной экономики России.Предназначен для студентов, аспирантов, научных работников и всех, кто стремится приобрести знания в области экономической теории.
|
| 606 |
1 |
|
|a Экономика теоретическая
|2 stltpush
|3 (RuTPU)RU\TPU\subj\64450
|
| 610 |
1 |
|
|a экономическая теория
|
| 610 |
1 |
|
|a методология
|
| 610 |
1 |
|
|a хозяйственная деятельность
|
| 610 |
1 |
|
|a рыночная экономика
|
| 610 |
1 |
|
|a рынок
|
| 610 |
1 |
|
|a инфраструктура
|
| 610 |
1 |
|
|a товар
|
| 610 |
1 |
|
|a деньги
|
| 610 |
1 |
|
|a собственность
|
| 610 |
1 |
|
|a бизнес
|
| 610 |
1 |
|
|a менеджмент
|
| 610 |
1 |
|
|a экономические агенты
|
| 610 |
1 |
|
|a спрос
|
| 610 |
1 |
|
|a предложение
|
| 610 |
1 |
|
|a потребители
|
| 610 |
1 |
|
|a предельная полезность
|
| 610 |
1 |
|
|a конкурентное поведение
|
| 610 |
1 |
|
|a конкуренция
|
| 610 |
1 |
|
|a монополия
|
| 610 |
1 |
|
|a несовершенная конкуренция
|
| 610 |
1 |
|
|a капитал
|
| 610 |
1 |
|
|a инвестиции
|
| 610 |
1 |
|
|a факторы производства
|
| 610 |
1 |
|
|a ценообразование
|
| 610 |
1 |
|
|a макроэкономика
|
| 610 |
1 |
|
|a макроэкономические показатели
|
| 610 |
1 |
|
|a макроэкономические процессы
|
| 610 |
1 |
|
|a национальная экономика
|
| 610 |
1 |
|
|a рынок товаров
|
| 610 |
1 |
|
|a рынок услуг
|
| 610 |
1 |
|
|a экономический рост
|
| 610 |
1 |
|
|a экономическая нестабильность
|
| 610 |
1 |
|
|a цикличность
|
| 610 |
1 |
|
|a безработица
|
| 610 |
1 |
|
|a инфляция
|
| 610 |
1 |
|
|a денежно-кредитная политика
|
| 610 |
1 |
|
|a денежно-кредитная система
|
| 610 |
1 |
|
|a финансовая система
|
| 610 |
1 |
|
|a совокупные доходы
|
| 610 |
1 |
|
|a социальная политика
|
| 610 |
1 |
|
|a государственное регулирование
|
| 610 |
1 |
|
|a мировое хозяйство
|
| 610 |
1 |
|
|a внешняя торговля
|
| 610 |
1 |
|
|a валютный курс
|
| 610 |
1 |
|
|a экономические трансформации
|
| 610 |
1 |
|
|a переходные экономики
|
| 610 |
1 |
|
|a глобализация
|
| 610 |
1 |
|
|a учебники
|
| 686 |
|
|
|a У011я73
|v LBC/SL-A
|2 rubbk
|
| 702 |
|
1 |
|a Добрынин
|b А. И.
|4 340
|
| 702 |
|
1 |
|a Журавлева
|b Г. П.
|4 340
|
| 801 |
|
1 |
|a RU
|b 63413507
|c 20150810
|
| 801 |
|
2 |
|a RU
|b 63413507
|c 20151029
|g RCR
|
| 900 |
|
|
|a Экономическая теория
|
| 942 |
|
|
|c BK
|
| 952 |
|
|
|l 8.1
|
| 959 |
|
|
|a 92/20150730
|d 3
|e 749,90
|f ЧЗГЛ:1
|f УФ:2
|